Entry Personal Name
Number of records used in: 1
001 - CONTROL NUMBER
003 - CONTROL NUMBER IDENTIFIER
005 - DATE AND TIME OF LATEST TRANSACTION
- control field:
20220106141212.0
008 - FIXED-LENGTH DATA ELEMENTS
- fixed length control field:
811124n| acannaabn |n aaa
010 ## - LIBRARY OF CONGRESS CONTROL NUMBER
- LC control number:
n 81135810
035 ## - SYSTEM CONTROL NUMBER
- System control number:
(OCoLC)oca00680661
040 ## - CATALOGING SOURCE
- Original cataloging agency:
DLC
- Language of cataloging:
eng
- Transcribing agency:
DLC
- Modifying agency:
OCoLC
100 1# - HEADING--PERSONAL NAME
- Personal name:
Amend, Karen
670 ## - SOURCE DATA FOUND
- Source citation:
Her Handwriting analysis, 1981, c1980:
- Information found:
CIP t.p. (Karen Amend)